1732 1249 1824 1044 1710 1767 1985 1889 1506 1810 1968 1129 1350 1566 1524 1486 1572 1780 1414 1483 1890 1032 1981 1716 1352 1914 1098 1173 1921 1790 1587 1701 1009 1554 1304 1547 1286 1067 1501 1755 1309 1173 1710 1858 1086 1075 1924 1833 1256 1357 1424 1754 1484 1979 1604 1839 1400 1322 1359 1742 1828 1120 1593 1683 1340 1410 1944 1475 1984 1413 1185 1501 1264 1696 1003 1069 1254 1581 1143 1698 1304 1248 1270 1676 1176 1842 1340 1947 1166 1227 1079 2000 1487 1181 1844 1114 1987 1396 1085 BCNSPRNW ULIB Ver.6.0+V

เปลี่ยนเป็นภาษาไทย

Change to English
 แสดงรายละเอียดบรรณานุกรม
  กลับหน้าหลัก

Brief Record : Get Marc (ISO 2709) : E-mail record : QR code < ปิดหน้าต่าง
LEADER : 00000nam 2200000uu 4500
001    13399121856
003     ULIB
008    121212s2551||||th 000 0 tha d
020    ^a9789749773260(ล.38)
060 04 ^aWO100^bจ225ศ ล.38
245 00 ^aศัลยศาสตร์วิวัฒน์ 38 :^bBasic science in surgery volume 1 /^cคณะบรรณาธิการ, พรชัย โอเจริญรัตน์ ... [และคนอื่นๆ]
246 31 ^aBasic science in surgery volume 1
250    ^aพิมพ์ครั้งที่ 1
260    ^aกรุงเทพฯ :^bกรุงเทพเวชสาร,^c2551
300    ^a828 หน้า :^bภาพประกอบ ;^c22 ซม.
650  7 ^aศัลยศาสตร์
653    ^aผลงานอาจารย์คณะแพทยศาสตร์ศิริราชพยาบาล
700 0  ^aพรชัย โอเจริญรัตน์,^eบรรณาธิการ
945    ^p420^l0^i16058
945    ^p420^l0^i16059
995    ^aทศพร
999    ^aทศพร เกษรทอง
รายการนี้ยังไม่มีแท็ก
คุณยังไม่ได้ล็อกอิน คุณสามารถมีกิจกรรมร่วมกับเว็บไซต์ได้ แต่ต้องล็อกอินก่อน ::
  ล็อกอิน

รายการสื่อสารสนเทศ

ลำดับที่ ประเภท เลขเรียก/บาร์โค้ด สถานที่ สถานะ
1. วิทยาศาสตร์การแพทย์ และสุขภาพ
วิทยาศาสตร์การแพทย์ และสุขภาพ
WO100 จ225ศ ล.38 ฉ.1 
  Barcode: 16058
ห้องสมุดวิทยาเขตสวรรค์ประชารักษ์
►ส่วนจัดเก็บหนังสือเก่า สปร
บนชั้น
  ขอยืม
2. วิทยาศาสตร์การแพทย์ และสุขภาพ
วิทยาศาสตร์การแพทย์ และสุขภาพ
WO100 จ225ศ ล.38 ฉ.2 
  Barcode: 16059
ห้องสมุดวิทยาเขตสวรรค์ประชารักษ์
►ส่วนจัดเก็บหนังสือเก่า สปร
บนชั้น
  ขอยืม

รายการใกล้เคียง
    หัวเรื่อง [ศัลยศาสตร์]

BibComment


ยังไม่เคยถูกคอมเมนท์

คอมเมนท์ทรัพยากรรายการนี้
  คอมเมนท์: ศัลยศาสตร์วิวัฒน..


 Copyright 2026. Bcnsprnw @Library